| 000 | 00488nam a2200181Ia 4500 | ||
|---|---|---|---|
| 001 | 13778 | ||
| 005 | 20260306164826.0 | ||
| 008 | 260306t2017||||xx |||||||||||||| ||spa|| | ||
| 041 | _aESP | ||
| 082 |
_a005.133J _bN96 |
||
| 100 |
_aNurkiewicz, Tomasz _eAUT |
||
| 245 | 0 |
_aReactive programming with RxJava: _bcreating asynchronous, event-based applications |
|
| 260 | _c2017 | ||
| 300 |
_axxiii, 345 páginas : _c23 cm. |
||
| 650 | _aGEN | ||
| 654 | _aCCC | ||
| 942 |
_cLIB _dJUS _fJUS _2ddc _n |
||
| 999 |
_c13778 _d13778 |
||